Tổng tập văn học Việt Nam; T30A

সংরক্ষণ করুন:
গ্রন্থ-পঞ্জীর বিবরন
প্রধান লেখক: Tổng tập văn học Việt Nam; T30A
বিন্যাস: গ্রন্থ
ভাষা:Undetermined
প্রকাশিত: Hà Nội KHXH 1981
বিষয়গুলি:
ট্যাগগুলো: ট্যাগ যুক্ত করুন
কোনো ট্যাগ নেই, প্রথমজন হিসাবে ট্যাগ করুন!
Thư viện lưu trữ: Trung tâm Học liệu Trường Đại học Cần Thơ
LEADER 00615nam a2200169Ia 4500
001 CTU_32518
008 210402s9999 xx 000 0 und d
082 |a 895.922 
082 |b T455/T30A 
100 |a Tổng tập văn học Việt Nam; T30A 
245 0 |a Tổng tập văn học Việt Nam; T30A 
245 0 |c Tổng tập văn học Việt Nam; T30A, Bùi Hiển, Nam Cao, Tô Hoài; Biên soạn: Nguyễn Đăng Mạnh 
260 |a Hà Nội 
260 |b KHXH 
260 |c 1981 
650 |a vietnamese literature 
980 |a Trung tâm Học liệu Trường Đại học Cần Thơ